Το λεμονοδάσος

Αποθηκεύτηκε σε:
Λεπτομέρειες βιβλιογραφικής εγγραφής
Κύριος συγγραφέας: Πολίτης, Κοσμάς, 1888-1974
Μορφή: Βιβλίο
Γλώσσα:Greek
Δημοσίευση: Αθήνα : Ύψιλον/βιβλία, 1990
Θέματα:
Ετικέτες: Προσθήκη ετικέτας
Δεν υπάρχουν, Καταχωρήστε ετικέτα πρώτοι!

MARC

LEADER 00000nam a2200000 i 4500
001 1/56668
008 071003s1990 gre d
020 |a 960-7949-11-0 
035 |l 10091186 
040 |a GR-MY-UA  |b gre  |e aacr 
041 0 |a gre 
082 0 |a 889.332  |2 (22) 
100 1 |a Πολίτης, Κοσμάς,   |d 1888-1974. 
245 1 3 |a Το λεμονοδάσος /  |c Κοσμάς Πολίτης 
260 |a Αθήνα :   |b Ύψιλον/βιβλία,   |c 1990 
300 |a 149 σ.;  |c 21 εκ. 
650 0 0 |a Greek fiction, Modern  |y 19th century. 
650 0 0 |a Love stories. 
852 |a INST  |b RHODES  |e 20071003  |h 889.32 ΠΟΛ  |p 005400025619  |q 005400025619  |t BK  |y 0 
901 |a BIBL4-2007-3 
909 |a Ρ  |b 136055 
922 |a 4ΕΛΗ  |b 200707  |c ΕΠΕΑΕΚ2/ΤΕΠΑΕΣ  |d Σ. ΠΑΤΑΚΗΣ 
970 |a ΚΟΖΑ  |b ΜΑΡΙΑ  |z 2007/10/03